Analyse von Zeitreihen <Eine> Einführung

Enregistré dans:
Détails bibliographiques
Auteur principal: Chatfield, Ch
Format: Livre
Langue:allemand
Publié: Leipzig Teubner 1982
Tags: Ajouter un tag
Pas de tags, Soyez le premier à ajouter un tag!

MARC

LEADER 00000nam a2200000 4500
001 c133903
005 20041019155259.5
041 0 |a ger 
044 |a DE 
245 1 0 |a Analyse von Zeitreihen  |b <Eine> Einführung  |c Ch. Chatfield 
264 1 |a Leipzig  |b Teubner  |c 1982 
300 |a 239 s. 
100 1 |a Chatfield, Ch.